zpět

Detail výsledku týmu

Separé - Nové Město, Praha

Datum a čas kvízu

31.5 Celkem bodů Celkový počet nahraných bodů na tomto kvízu bez doplňovacích otázek.
2. Pořadí na kvízu Konečné umístění týmu na tomto kvízu.

Zaznamenané odpovědi

# Otázka Odpověď Body Výsledky
1. Ve kterém českém městě se minu... v Plzni 1
2. Ve kterém městě byl minulý týd... v Abú Dhabí 0
3. Jedna televizní stanice ukonči... MTV 1
4. Který ostrovní stát zavedl jak... Island 1
5. Co se zoufale snažil najít na... vylomený zub 0
6. Mezi nejúspěšnější sourozence... 2000; 2012 1
7. Sourozenci Taschlerovi nás rep... Natálie; Filip 0
8. Opomenout v tomto tématu nesmí... 7,5 km; 6 km 0.5
9. Nyní bude vaším úkolem uhodnou... v triatlonu 0
10. Na závěr se podíváme na krasob... B 0